[Event "Mindsports Open 4th"]
[Site "London"]
[Date "2024.07.18"]
[Round "2.26"]
[White "Ethelontis, Alexandros N"]
[Black "Verbytski, Oleg"]
[Result "0-1"]
[WhiteElo "2001"]
[BlackElo "2076"]
[PlyCount "94"]
[EventDate "2024.07.18"]
[EventType "swiss"]
[EventRounds "9"]
[EventCountry "ENG"]
[SourceTitle "BritBase"]
[Source "John Saunders"]
[SourceDate "2024.08.27"]
[SourceVersion "1"]
[SourceVersionDate "2024.08.27"]
[SourceQuality "1"]

1. c4 Nf6 2. g3 e6 3. Bg2 d5 4. Nf3 Be7 5. O-O O-O 6. b3 d4 7. e3 c5 8. exd4 cxd4 9. Re1 Nc6 10. Ne5 Nxe5 11. Rxe5 Qc7 12. Re2 Bd7 13. d3 Bc6 14. Bf4 Bd6 15. Bxd6 Qxd6 16. Nd2 e5 17. Qf1 Rae8 18. Rae1 a5 19. Bf3 Bxf3 20. Nxf3 Nd7 21. Qg2 f5 22. a3 h6 23. b4 axb4 24. axb4 Qxb4 25. Nxd4 e4 26. Nc2 Qc3 27. dxe4 f4 28. gxf4 Rxf4 29. Qg3 Rf3 30. Qg6 Re5 31. Kh1 Nf8 32. Qd6 Rf6 33. Qa3 Qxc4 34. f3 Qc8 35. Rg2 Rg6 36. Reg1 Rxg2 37. Rxg2 Ne6 38. Ne3 Rc5 39. Nd5 Rc1+ 40. Rg1 Rxg1+ 41. Kxg1 Qc2 42. Qa8+ Kh7 43. Qxb7 Ng5 44. Nf6+ Kg6 45. Ng4 Qd1+ 46. Kf2 Qxf3+ 47. Ke1 Qxg4 0-1

[Event "Mindsports Open 4th"]
[Site "London"]
[Date "2024.07.18"]
[Round "2.27"]
[White "Murawski, Jan"]
[Black "Merriman, James"]
[Result "1/2-1/2"]
[WhiteElo "2121"]
[BlackElo "1974"]
[PlyCount "115"]
[EventDate "2024.07.18"]
[EventType "swiss"]
[EventRounds "9"]
[EventCountry "ENG"]
[SourceTitle "BritBase"]
[Source "John Saunders"]
[SourceDate "2024.08.27"]
[SourceVersion "1"]
[SourceVersionDate "2024.08.27"]
[SourceQuality "1"]

1. d4 Nf6 2. c4 e6 3. Nc3 Bb4 4. Nf3 b6 5. g3 Bxc3+ 6. bxc3 Bb7 7. Bg2 O-O 8. O-O d6 9. a4 Nc6 10. Ne1 Na5 11. Bxb7 Nxb7 12. f3 c5 13. Qd3 Na5 14. Bg5 h6 15. Bxf6 Qxf6 16. Ng2 Rac8 17. Rac1 Qe7 18. d5 Rcd8 19. e4 Rfe8 20. Ne3 Qb7 21. Rb1 Qa6 22. Rb5 Qc8 23. Rbb1 Qa6 24. Rbd1 Nb3 25. Qe2 Na5 26. Rfe1 Qc8 27. Kg2 e5 28. g4 Qd7 29. h4 g6 30. Rh1 Qe7 31. Kf2 Kh7 32. Rh2 Rd7 33. h5 g5 34. Qa2 f6 35. Nf5 Qd8 36. Kg3 Qc8 37. Rb2 Qa6 38. Rb5 Qc8 39. Rdb1 Qa6 40. Ne3 Rb8 41. Qe2 Qc8 42. Qd3 Rdb7 43. Nf1 Qe8 44. Ra1 Kh8 45. Nd2 Qd8 46. Rab1 Qc7 47. R5b2 Qd7 48. Ra1 Qd8 49. Nb3 Nxb3 50. Rxb3 a5 51. Rb5 Qc7 52. Rab1 Kg7 53. Qc2 Kf7 54. R5b2 Ke7 55. Qd1 Qd7 56. Qb3 Kd8 57. Qb5 Qxb5 58. Rxb5 1/2-1/2

[Event "Mindsports Open 4th"]
[Site "London"]
[Date "2024.07.18"]
[Round "2.28"]
[White "Sooraj, M R"]
[Black "Khoury, Theo"]
[Result "1/2-1/2"]
[WhiteElo "1999"]
[BlackElo "2113"]
[PlyCount "151"]
[EventDate "2024.07.18"]
[EventType "swiss"]
[EventRounds "9"]
[EventCountry "ENG"]
[SourceTitle "BritBase"]
[Source "John Saunders"]
[SourceDate "2024.08.27"]
[SourceVersion "1"]
[SourceVersionDate "2024.08.27"]
[SourceQuality "1"]

1. e4 c5 2. Nc3 d6 3. g3 Nc6 4. Bg2 g6 5. d3 Bg7 6. Be3 Rb8 7. Nge2 b5 8. Qd2 b4 9. Nd1 Nd4 10. O-O h5 11. Nc1 h4 12. c3 bxc3 13. bxc3 Nc6 14. Ne2 hxg3 15. fxg3 Nf6 16. Nf2 Ne5 17. h3 Qb6 18. Rac1 Qb2 19. Rc2 Qa3 20. Qd1 Qa6 21. Bf4 c4 22. d4 Nd3 23. e5 Nh5 24. Rd2 Nhxf4 25. Nxf4 Nxf4 26. gxf4 Bf5 27. Qe2 O-O 28. Be4 Qc8 29. Kh2 Bh6 30. Ng4 Kg7 31. Nxh6 Kxh6 32. Bxf5 Qxf5 33. Qg4 Qxg4 34. hxg4 d5 35. Kg3 Kg7 36. f5 f6 37. Re2 g5 38. Rh1 Rfc8 39. Kf3 a5 40. Kg3 a4 41. Reh2 Rh8 42. Rxh8 Rxh8 43. Rb1 a3 44. Rb7 Kf8 45. e6 Rh1 46. Ra7 Rc1 47. Rxa3 Rc2 48. Kf3 Kg7 49. Ke3 Kf8 50. Kf3 Kg7 51. Ra5 Rxc3+ 52. Kf2 Rc2+ 53. Ke3 Rc3+ 54. Kf2 Rc2+ 55. Ke3 Rc3+ 56. Ke2 Rc2+ 57. Kf3 Rc3+ 58. Ke2 Rc2+ 59. Kd1 Rg2 60. Rxd5 Rxg4 61. Rd7 Kf8 62. a4 Rg1+ 63. Ke2 Rg2+ 64. Kf3 Rd2 65. Ke3 Rd3+ 66. Ke4 g4 67. Rc7 Rc3 68. Rc8+ Kg7 69. Rc7 Kf8 70. Rc8+ Kg7 71. Re8 g3 72. Rxe7+ Kg8 73. Re8+ Kg7 74. Re7+ Kg8 75. Re8+ Kg7 76. Re7+ 1/2-1/2

[Event "Mindsports Open 4th"]
[Site "London"]
[Date "2024.07.18"]
[Round "2.29"]
[White "Britton, Richard L"]
[Black "Bharat Kumar, Balahari"]
[Result "0-1"]
[WhiteElo "2112"]
[BlackElo "1989"]
[PlyCount "110"]
[EventDate "2024.07.18"]
[EventType "swiss"]
[EventRounds "9"]
[EventCountry "ENG"]
[SourceTitle "BritBase"]
[Source "John Saunders"]
[SourceDate "2024.08.27"]
[SourceVersion "1"]
[SourceVersionDate "2024.08.27"]
[SourceQuality "1"]

1. e4 c5 2. Nf3 d6 3. g3 Nf6 4. Qe2 g6 5. Bg2 Nc6 6. c3 Bg7 7. O-O O-O 8. h3 Nd7 9. Na3 Rb8 10. Rd1 a6 11. d4 b5 12. d5 Na5 13. Nc2 Nb6 14. Rb1 Bd7 15. Bd2 Na4 16. Be1 b4 17. cxb4 Bb5 18. Qe3 Nc4 19. Qg5 Ncxb2 20. Rdc1 Nd3 21. Rd1 Nxe1 22. Rxe1 Nc3 23. Ra1 Ne2+ 24. Kh2 cxb4 25. Qe3 Bxa1 26. Nxa1 Nc3 27. Qh6 f6 28. h4 Qb6 29. Qd2 Bd7 30. Nb3 e5 31. dxe6 Bxe6 32. Nfd4 Bd7 33. f4 Rbe8 34. a3 a5 35. axb4 axb4 36. Bf3 Kg7 37. Qf2 Qc7 38. Bg2 Qd8 39. Bf3 Qb8 40. Bg2 Rf7 41. f5 Rfe7 42. fxg6 hxg6 43. Rf1 Rf7 44. Nd2 Bb5 45. Ra1 Bd7 46. N4b3 Bc6 47. Nd4 Bxe4 48. Nxe4 Nxe4 49. Qb2 d5 50. Qb3 Qe5 51. Rd1 Nf2 52. Rd2 Ng4+ 53. Kh3 Ne3 54. Bf3 Nf1 55. Rf2 Qxg3# 0-1

[Event "Mindsports Open 4th"]
[Site "London"]
[Date "2024.07.18"]
[Round "2.30"]
[White "Deepak Ambattu, Rithvik"]
[Black "Brackmann, Hendrik"]
[Result "1/2-1/2"]
[WhiteElo "1978"]
[BlackElo "2086"]
[PlyCount "112"]
[EventDate "2024.07.18"]
[EventType "swiss"]
[EventRounds "9"]
[EventCountry "ENG"]
[SourceTitle "BritBase"]
[Source "John Saunders"]
[SourceDate "2024.08.27"]
[SourceVersion "1"]
[SourceVersionDate "2024.08.27"]
[SourceQuality "1"]

1. e4 e6 2. d4 d5 3. Nd2 c5 4. Ngf3 cxd4 5. exd5 Qxd5 6. Bc4 Qd6 7. O-O Nf6 8. Nb3 Nc6 9. Nbxd4 Nxd4 10. Nxd4 Be7 11. c3 O-O 12. Qf3 Qc7 13. Bb3 a5 14. a4 Bd7 15. Bg5 Ra6 16. Bc2 Qc5 17. Be3 Qd5 18. Bb3 Qxf3 19. Nxf3 Ng4 20. Bd4 Bc6 21. Bc4 Raa8 22. Bb5 Bxf3 23. gxf3 Nh6 24. Rfd1 Rfc8 25. Bb6 Bd8 26. Be3 Nf5 27. Rd7 Bc7 28. Rad1 h5 29. Bc5 Nh4 30. R1d3 Bxh2+ 31. Kxh2 Rxc5 32. Rxb7 Rac8 33. Rbd7 Rg5 34. Rd8+ Rxd8 35. Rxd8+ Kh7 36. Rd3 Rg2+ 37. Kh3 g5 38. f4 Rxf2 39. fxg5 Ng6 40. b4 axb4 41. cxb4 Rb2 42. Rd4 e5 43. Re4 Nf4+ 44. Kg3 Rg2+ 45. Kf3 Rxg5 46. Re1 h4 47. Rh1 Rg3+ 48. Ke4 Ng6 49. Kd5 h3 50. Bf1 Kg7 51. a5 f5 52. Bxh3 Nf4+ 53. Kxe5 Nxh3 54. Kxf5 Rb3 55. a6 Rxb4 56. Rxh3 Ra4 1/2-1/2

[Event "Mindsports Open 4th"]
[Site "London"]
[Date "2024.07.18"]
[Round "2.31"]
[White "Bird, Joel"]
[Black "Fellowes, Billy"]
[Result "1-0"]
[WhiteElo "1975"]
[BlackElo "2063"]
[PlyCount "141"]
[EventDate "2024.07.18"]
[EventType "swiss"]
[EventRounds "9"]
[EventCountry "ENG"]
[SourceTitle "BritBase"]
[Source "John Saunders"]
[SourceDate "2024.08.27"]
[SourceVersion "1"]
[SourceVersionDate "2024.08.27"]
[SourceQuality "1"]

1. e4 Nc6 2. Nf3 d6 3. d4 Nf6 4. Nc3 g6 5. Be3 Bg7 6. h3 O-O 7. Qd2 e5 8. dxe5 dxe5 9. O-O-O Qxd2+ 10. Nxd2 Be6 11. Bc4 Bxc4 12. Nxc4 Rfe8 13. Nd5 Rac8 14. f3 Nxd5 15. exd5 Nd4 16. Rhe1 Nf5 17. Bg1 Bh6+ 18. Kb1 Bf4 19. Bf2 Nd6 20. Nxd6 cxd6 21. Bxa7 f5 22. Bf2 Rc4 23. b3 Rc3 24. Kb2 Rec8 25. Re2 b5 26. a3 Kf7 27. Be1 R3c7 28. Ba5 Ra7 29. Bb4 Ke7 30. Rd3 Rac7 31. Ba5 Ra7 32. Rc3 Raa8 33. Rxc8 Rxc8 34. Bb4 Kd7 35. a4 bxa4 36. bxa4 e4 37. fxe4 Re8 38. c4 fxe4 39. a5 e3 40. Kc2 Rc8 41. Kd3 Rb8 42. Bc3 Rb3 43. Kc2 Rb8 44. Bd4 Rb4 45. Kc3 Ra4 46. Bb6 Ra1 47. Kb3 h5 48. Bxe3 Bxe3 49. Rxe3 Rxa5 50. Rg3 Ra1 51. Rxg6 Rb1+ 52. Kc2 Rf1 53. Rg7+ Kd8 54. Rg5 h4 55. Rg4 Ke7 56. Kd3 Rf2 57. Ke4 Rc2 58. Kf5 Kf7 59. Kg5 Kg7 60. Kxh4+ Kf6 61. Kg3 Kf5 62. Kf3 Rc1 63. Ke3 Rc3+ 64. Kd4 Rc2 65. Rg8 Kf4 66. Rf8+ Kg5 67. Rd8 Kf5 68. Rxd6 Rxg2 69. Rh6 Rg8 70. c5 Rg1 71. c6 1-0

[Event "Mindsports Open 4th"]
[Site "London"]
[Date "2024.07.19"]
[Round "3.1"]
[White "Fernandez, Daniel Howard"]
[Black "Urkedal, Frode Olav Olsen"]
[Result "0-1"]
[WhiteElo "2525"]
[BlackElo "2551"]
[PlyCount "112"]
[EventDate "2024.07.18"]
[EventType "swiss"]
[EventRounds "9"]
[EventCountry "ENG"]
[SourceTitle "BritBase"]
[Source "John Saunders"]
[SourceDate "2024.08.27"]
[SourceVersion "1"]
[SourceVersionDate "2024.08.27"]
[SourceQuality "1"]

1. e4 e5 2. Nf3 Nc6 3. Bc4 Bc5 4. c3 Nf6 5. d3 O-O 6. O-O d5 7. exd5 Nxd5 8. Re1 Bg4 9. h3 Bh5 10. Nbd2 Nb6 11. Bb3 Kh8 12. Qc2 Bd6 13. a4 a5 14. Nh2 f5 15. Nc4 Nxc4 16. Bxc4 Qf6 17. b3 Ne7 18. Qd2 h6 19. Ba3 Rad8 20. Bxd6 cxd6 21. d4 e4 22. f4 d5 23. Bb5 Bf7 24. Rf1 Rc8 25. Rac1 Rfd8 26. Rf2 Qd6 27. Nf1 Be8 28. Bxe8 Rxe8 29. Ne3 Red8 30. g3 Rc6 31. Kg2 Qc7 32. Qb2 Qd6 33. h4 Qf6 34. b4 axb4 35. Qxb4 Rb6 36. Qa5 Rdd6 37. Rcc2 Kh7 38. Rb2 Qe6 39. h5 Ra6 40. Qb5 Rac6 41. Rbc2 Rd7 42. a5 Qf7 43. c4 dxc4 44. Rxc4 Nd5 45. Nxd5 Rxd5 46. Qb4 Rxc4 47. Qxc4 Qd7 48. Rb2 Rxd4 49. Qb5 Qf7 50. g4 fxg4 51. Qe5 Qd7 52. Kh2 g3+ 53. Kxg3 Rd3+ 54. Kf2 Rf3+ 55. Ke1 Qc6 56. Kd2 Qc4 0-1

[Event "Mindsports Open 4th"]
[Site "London"]
[Date "2024.07.19"]
[Round "3.2"]
[White "Kovchan, Alexander"]
[Black "Golding, Alex"]
[Result "1-0"]
[WhiteElo "2455"]
[BlackElo "2296"]
[PlyCount "91"]
[EventDate "2024.07.18"]
[EventType "swiss"]
[EventRounds "9"]
[EventCountry "ENG"]
[SourceTitle "BritBase"]
[Source "John Saunders"]
[SourceDate "2024.08.27"]
[SourceVersion "1"]
[SourceVersionDate "2024.08.27"]
[SourceQuality "1"]

1. d4 Nf6 2. c4 e6 3. g3 c5 4. d5 exd5 5. cxd5 d6 6. Nc3 g6 7. Bg2 Bg7 8. Nf3 O-O 9. O-O a6 10. a4 Nbd7 11. Bf4 Qc7 12. Qd2 Rb8 13. Rac1 Re8 14. b4 Ne4 15. Nxe4 Rxe4 16. Ng5 Re8 17. Ne4 Rxe4 18. Bxe4 c4 19. b5 axb5 20. axb5 c3 21. Qe3 Nb6 22. Rxc3 Bxc3 23. Rc1 Na4 24. Qa7 Bh3 25. Qxa4 Rc8 26. Bd2 Bxd2 27. Rxc7 Rxc7 28. Bc2 Bg5 29. f4 Bf6 30. Kf2 Kg7 31. Bd3 b6 32. e4 Rc3 33. Ke2 Rc1 34. Ke3 Re1+ 35. Kf3 Bc3 36. Qc4 Bf6 37. Qb4 Rd1 38. Be2 Rc1 39. Bd3 Rc5 40. Ke3 h5 41. Qa3 Bc3 42. Qa7 Ba5 43. Qe7 Rc3 44. f5 Bf1 45. f6+ Kh6 46. h4 1-0

[Event "Mindsports Open 4th"]
[Site "London"]
[Date "2024.07.19"]
[Round "3.3"]
[White "Sim, Jia Ru"]
[Black "Rudd, Jack"]
[Result "0-1"]
[WhiteElo "2077"]
[BlackElo "2243"]
[PlyCount "120"]
[EventDate "2024.07.18"]
[EventType "swiss"]
[EventRounds "9"]
[EventCountry "ENG"]
[SourceTitle "BritBase"]
[Source "John Saunders"]
[SourceDate "2024.08.27"]
[SourceVersion "1"]
[SourceVersionDate "2024.08.27"]
[SourceQuality "1"]

1. e4 c6 2. d4 d5 3. Nd2 dxe4 4. Nxe4 Nd7 5. Bc4 Ngf6 6. Nxf6+ Nxf6 7. c3 Nd5 8. Nf3 g6 9. O-O Bg7 10. Ne5 Be6 11. Qe2 O-O 12. Bd3 c5 13. dxc5 Qc7 14. Re1 Qxc5 15. h4 Rfd8 16. Bc2 Rac8 17. Bg5 Bf6 18. Bxf6 exf6 19. Ng4 Qc4 20. Qxc4 Rxc4 21. f3 Kg7 22. Bb3 Rcc8 23. Rad1 b5 24. Rd4 Nc7 25. Red1 Re8 26. Kf2 a5 27. h5 Bxg4 28. fxg4 a4 29. Bc2 Ne6 30. Rd5 a3 31. Rxb5 axb2 32. Rxb2 Rxc3 33. Ba4 Re7 34. hxg6 hxg6 35. Bb5 Nc5 36. Be2 Ra3 37. Bf3 Nd3+ 38. Rxd3 Rxd3 39. a4 Ra3 40. Rb4 Ra7 41. Bc6 Rc7 42. Rb6 Rc3 43. Bf3 R7c4 44. a5 Ra4 45. a6 Rca3 46. Be2 Ra2 47. Kf1 Rf4+ 48. Bf3 Rc4 49. Kg1 Rca4 50. Bb7 Rxg4 51. Rd6 Rga4 52. Bc8 f5 53. Bb7 g5 54. Kh2 f4 55. Kh3 R4a3+ 56. Kg4 Rg3+ 57. Kf5 Ra5+ 58. Bd5 Rxg2 59. a7 Rd2 60. a8=Q Rxa8 0-1

[Event "Mindsports Open 4th"]
[Site "London"]
[Date "2024.07.19"]
[Round "3.4"]
[White "Badacsonyi, Stanley"]
[Black "Kovalskyi, Roman"]
[Result "1-0"]
[WhiteElo "2178"]
[BlackElo "1989"]
[PlyCount "177"]
[EventDate "2024.07.18"]
[EventType "swiss"]
[EventRounds "9"]
[EventCountry "ENG"]
[SourceTitle "BritBase"]
[Source "John Saunders"]
[SourceDate "2024.08.27"]
[SourceVersion "1"]
[SourceVersionDate "2024.08.27"]
[SourceQuality "1"]

1. d4 d5 2. c4 e6 3. Nc3 a6 4. cxd5 exd5 5. Qc2 Nf6 6. Bg5 Be6 7. e3 Bd6 8. Bd3 Nbd7 9. Nge2 c6 10. f3 h6 11. Bh4 O-O 12. O-O Qc7 13. h3 c5 14. Bf5 Rfe8 15. Bf2 Bxf5 16. Qxf5 g6 17. Qc2 cxd4 18. Nxd4 Bf8 19. Rad1 Qe5 20. Rfe1 Bd6 21. Nde2 Qh2+ 22. Kf1 Qh1+ 23. Ng1 Bh2 24. Nce2 Re5 25. Ng3 Bxg3 26. Bxg3 Rf5 27. Bf4 Nh5 28. Qf2 Nxf4 29. exf4 Qh2 30. Re7 Nf8 31. g3 Qxf2+ 32. Kxf2 b5 33. Ne2 Rc8 34. Rd2 Rf6 35. Nc3 Re6 36. Nxd5 Kg7 37. Rxe6 Nxe6 38. Ne3 Rc1 39. f5 Nc5 40. fxg6 fxg6 41. g4 Rb1 42. Kg2 Re1 43. Nd5 Ne6 44. f4 Kf7 45. Rf2 Rd1 46. Nc3 Rd3 47. a3 Nc5 48. f5 Nd7 49. fxg6+ Kxg6 50. Ne2 Rd6 51. Nf4+ Kg7 52. Kg3 Nc5 53. Kh4 Ne4 54. Re2 Ng5 55. Nh5+ Kg6 56. Re7 Nf7 57. Ra7 Rc6 58. Kg3 Rd6 59. h4 Rd3+ 60. Kf4 Rd4+ 61. Kg3 Rd3+ 62. Kf2 Rd2+ 63. Ke3 Rxb2 64. Nf4+ Kf6 65. Rxa6+ Kg7 66. Ne6+ Kh7 67. Nd4 Ne5 68. Kf4 Ng6+ 69. Kg3 b4 70. Ra7+ Kg8 71. axb4 Rxb4 72. Nf5 Rb3+ 73. Kf2 Rb2+ 74. Ke3 Rb3+ 75. Kd2 Kf8 76. Ra8+ Kf7 77. Nxh6+ Kg7 78. Nf5+ Kf6 79. Ra6+ Kf7 80. h5 Ne5 81. g5 Rb2+ 82. Kc3 Rg2 83. Rf6+ Kg8 84. g6 Rg5 85. Kd4 Ng4 86. Ne7+ Kh8 87. Rf8+ Kg7 88. Rf7+ Kh8 89. Rh7# 1-0

[Event "Mindsports Open 4th"]
[Site "London"]
[Date "2024.07.19"]
[Round "3.5"]
[White "Ogunshola, Ben"]
[Black "Buckley, Graeme N"]
[Result "1/2-1/2"]
[WhiteElo "2043"]
[BlackElo "2311"]
[PlyCount "206"]
[EventDate "2024.07.18"]
[EventType "swiss"]
[EventRounds "9"]
[EventCountry "ENG"]
[SourceTitle "BritBase"]
[Source "John Saunders"]
[SourceDate "2024.08.27"]
[SourceVersion "1"]
[SourceVersionDate "2024.08.27"]
[SourceQuality "1"]

1. c4 e5 2. g3 c6 3. d4 e4 4. Nc3 d5 5. Bg2 Nf6 6. Bg5 Nbd7 7. cxd5 cxd5 8. Nh3 Bb4 9. Rc1 O-O 10. O-O Bxc3 11. Rxc3 h6 12. Bf4 Nb8 13. Be5 Nc6 14. Nf4 Ng4 15. Rc5 e3 16. Nxd5 exf2+ 17. Kh1 Ncxe5 18. dxe5 Qg5 19. Qd4 Be6 20. h4 Qd8 21. Bf3 h5 22. Kg2 Re8 23. Rd1 Rc8 24. Rxc8 Qxc8 25. Nf4 Bxa2 26. e6 Bxe6 27. Nxh5 f6 28. Nf4 Ne3+ 29. Kxf2 Nxd1+ 30. Qxd1 Rd8 31. Qa4 Qc5+ 32. Kg2 Bf7 33. Bxb7 Rd2 34. Bf3 Qe3 35. Qc6 Rxb2 36. Qa8+ Kh7 37. Be4+ g6 38. h5 Rxe2+ 39. Nxe2 Qxe2+ 40. Kg1 Qxh5 41. Qxa7 Kg7 42. Qb7 Qe5 43. Kf2 f5 44. Bf3 Qd4+ 45. Kg2 Qd2+ 46. Kg1 Qd4+ 47. Kg2 Kf6 48. Qc6+ Be6 49. Qa8 Qd2+ 50. Kg1 Kg7 51. Qa1+ Kh7 52. Qf6 Qd7 53. Qe5 Bc4 54. Qc5 Qf7 55. Qe5 Qa7+ 56. Kg2 Qa2+ 57. Kg1 Qb1+ 58. Kh2 Qc2+ 59. Bg2 Bf7 60. Qd4 Qe2 61. Qf6 Kg8 62. Qd8+ Kg7 63. Qd4+ Kh7 64. Qf6 Qe8 65. Qh4+ Kg7 66. Qd4+ Kg8 67. Bf3 Qe7 68. Kg2 Kh7 69. Kh2 Bb3 70. Kg2 Bc2 71. Kf2 g5 72. Qc4 Bb1 73. Qb3 Qc5+ 74. Ke1 Kg7 75. Qb7+ Kf6 76. Qa6+ Ke5 77. Qa1+ Qd4 78. Qa5+ Kf6 79. Qa6+ Kg7 80. Qb7+ Kg6 81. Qc6+ Qf6 82. Bh5+ Kg7 83. Qb7+ Kh6 84. Qxb1 Kxh5 85. Qd1+ g4 86. Kf2 Qb6+ 87. Kg2 Qb2+ 88. Kg1 Qe5 89. Kf2 Qc5+ 90. Kg2 Qc6+ 91. Kf2 f4 92. gxf4 Qb6+ 93. Kg2 Qb2+ 94. Kg1 Kh4 95. Qd8+ Kh3 96. Qd3+ Kh4 97. Qd8+ Kg3 98. Qd3+ Kxf4 99. Qd6+ Kf5 100. Qd7+ Kg5 101. Qd8+ Kh5 102. Qe8+ Kh4 103. Qe7+ Kh5 1/2-1/2

[Event "Mindsports Open 4th"]
[Site "London"]
[Date "2024.07.19"]
[Round "3.6"]
[White "Balaji, Aaravamudhan"]
[Black "Janik, Igor"]
[Result "0-1"]
[WhiteElo "2316"]
[BlackElo "2511"]
[PlyCount "88"]
[EventDate "2024.07.18"]
[EventType "swiss"]
[EventRounds "9"]
[EventCountry "ENG"]
[SourceTitle "BritBase"]
[Source "John Saunders"]
[SourceDate "2024.08.27"]
[SourceVersion "1"]
[SourceVersionDate "2024.08.27"]
[SourceQuality "1"]

1. d4 Nf6 2. c4 e6 3. Nc3 Bb4 4. e3 O-O 5. Bd2 b6 6. Bd3 d5 7. cxd5 exd5 8. Nf3 Ba6 9. Bxa6 Nxa6 10. O-O Qc8 11. Rc1 Qb7 12. Ne2 Bd6 13. Qc2 Ne4 14. Rfd1 Rae8 15. Be1 f5 16. b4 b5 17. Nf4 Nb8 18. Ne5 a6 19. Nfd3 Nf6 20. Nc6 Nfd7 21. Nf4 Nxc6 22. Qxc6 Qxc6 23. Rxc6 Nb6 24. Nd3 Ra8 25. Kf1 Nc4 26. a4 bxa4 27. Nc5 a3 28. Ra1 Rfb8 29. Rxa6 Bxc5 30. Rxa8 Rxa8 31. dxc5 Kf7 32. Ke2 Ke6 33. Kd3 Kd7 34. f3 Re8 35. b5 Rxe3+ 36. Kd4 c6 37. b6 Rb3 38. Bc3 Nb2 39. Be1 f4 40. g3 Rd3+ 41. Ke5 Rxf3 42. Kd4 Rd3+ 43. Ke5 f3 44. g4 Rd1 0-1

[Event "Mindsports Open 4th"]
[Site "London"]
[Date "2024.07.19"]
[Round "3.7"]
[White "Czopor, Maciej"]
[Black "Johnson, Daniel"]
[Result "1-0"]
[WhiteElo "2361"]
[BlackElo "2126"]
[PlyCount "119"]
[EventDate "2024.07.18"]
[EventType "swiss"]
[EventRounds "9"]
[EventCountry "ENG"]
[SourceTitle "BritBase"]
[Source "John Saunders"]
[SourceDate "2024.08.27"]
[SourceVersion "1"]
[SourceVersionDate "2024.08.27"]
[SourceQuality "1"]

1. e4 e5 2. Nf3 Nc6 3. Bb5 a6 4. Ba4 Nf6 5. O-O Be7 6. Re1 b5 7. Bb3 d6 8. c3 O-O 9. h3 Bb7 10. d4 Re8 11. Ng5 Rf8 12. Nf3 Re8 13. Nbd2 Bf8 14. a4 h6 15. Bc2 exd4 16. cxd4 Nb4 17. Bb1 c5 18. d5 Nd7 19. Nf1 Qf6 20. Ne3 g6 21. a5 Qh8 22. Qd2 Bg7 23. Ra3 Rac8 24. Ng4 h5 25. Nh6+ Kf8 26. Qf4 Re7 27. Nxf7 Rxf7 28. Qxd6+ Kg8 29. Ng5 Rcf8 30. Nxf7 Rxf7 31. Qxg6 Ne5 32. Qe6 h4 33. f4 Nc4 34. Rf3 Bd4+ 35. Kh1 Qf6 36. b3 Nxa5 37. f5 Qe5 38. Bf4 Qxe6 39. fxe6 Re7 40. Bd6 Re8 41. Ref1 Bg7 42. Bxc5 Nxd5 43. exd5 Bxd5 44. Bg6 Rxe6 45. Bf7+ Kh7 46. Bxe6 Bxe6 47. b4 Nb3 48. Bd6 Nd2 49. Re3 Nxf1 50. Rxe6 Bc3 51. Re4 Ng3+ 52. Bxg3 hxg3 53. Rg4 Be1 54. Kg1 a5 55. bxa5 b4 56. Rg5 b3 57. Rb5 b2 58. a6 Bc3 59. Kf1 Bd4 60. Rxb2 1-0

[Event "Mindsports Open 4th"]
[Site "London"]
[Date "2024.07.19"]
[Round "3.8"]
[White "Kalavannan, Koby"]
[Black "Cherniaev, Alexander"]
[Result "1/2-1/2"]
[WhiteElo "2265"]
[BlackElo "2359"]
[PlyCount "140"]
[EventDate "2024.07.18"]
[EventType "swiss"]
[EventRounds "9"]
[EventCountry "ENG"]
[SourceTitle "BritBase"]
[Source "John Saunders"]
[SourceDate "2024.08.27"]
[SourceVersion "1"]
[SourceVersionDate "2024.08.27"]
[SourceQuality "1"]

1. d4 d5 2. Nf3 Nf6 3. c4 e6 4. g3 Bb4+ 5. Bd2 Be7 6. Bg2 c6 7. Qc2 Nbd7 8. O-O Ne4 9. Nc3 Nxd2 10. Nxd2 O-O 11. e4 dxe4 12. Ndxe4 Nb6 13. Ne2 Qc7 14. f4 c5 15. b3 cxd4 16. Nxd4 Bd7 17. Kh1 Rad8 18. Rae1 Bc6 19. Nxc6 bxc6 20. Ng5 Bxg5 21. fxg5 c5 22. Rf4 g6 23. Qc3 Qe7 24. h4 Rd6 25. Ref1 e5 26. Re1 Nd7 27. Bd5 Qd8 28. Rf2 Nb6 29. Be4 Rd4 30. Kg2 Qe7 31. a4 Kg7 32. a5 Nd7 33. Bd5 Qd6 34. Ref1 f5 35. h5 Qe7 36. h6+ Kh8 37. Qc1 Rg4 38. Bc6 Nb8 39. Bd5 Nd7 40. Bc6 Nb8 41. Bd5 Rxg5 42. Re1 Nd7 43. Bc6 Nb8 44. Bd5 Rg4 45. Rf4 Rg5 46. Qc3 Re8 47. Bf7 Rxg3+ 48. Qxg3 Qxf7 49. Rf3 Nc6 50. Rd3 Qf6 51. Rd5 f4 52. Qg4 Rf8 53. Kf2 Nb4 54. Rd7 Nc2 55. Re4 Ne3 56. Qh3 Qg5 57. Kf3 Nc2 58. Kf2 Ne3 59. Kf3 Nc2 60. Rd5 Nd4+ 61. Kf2 f3 62. Re3 Nf5 63. Rexe5 Qf4 64. Qxf3 Qxh6 65. Rxf5 gxf5 66. Qc3+ Kg8 67. Qg3+ Kh8 68. Qe5+ Kg8 69. Qg3+ Kh8 70. Qe5+ Kg8 1/2-1/2

[Event "Mindsports Open 4th"]
[Site "London"]
[Date "2024.07.19"]
[Round "3.9"]
[White "Teclaf, Pawel"]
[Black "Lim, Zhuo Ren"]
[Result "1-0"]
[WhiteElo "2559"]
[BlackElo "2251"]
[PlyCount "64"]
[EventDate "2024.07.18"]
[EventType "swiss"]
[EventRounds "9"]
[EventCountry "ENG"]
[SourceTitle "BritBase"]
[Source "John Saunders"]
[SourceDate "2024.08.27"]
[SourceVersion "1"]
[SourceVersionDate "2024.08.27"]
[SourceQuality "1"]

1. e4 c5 2. Nc3 Nc6 3. Nf3 g6 4. d4 cxd4 5. Nxd4 Bg7 6. Be3 Nf6 7. Bc4 O-O 8. Bb3 d5 9. exd5 Na5 10. O-O Nxb3 11. Nxb3 b5 12. d6 exd6 13. Nxb5 d5 14. Bc5 Re8 15. Nd6 Re6 16. Nxc8 Qxc8 17. Bd4 a5 18. c3 Rb8 19. Qd3 Re8 20. Rab1 a4 21. Nc5 Qc6 22. Qa6 Qxa6 23. Nxa6 Rbc8 24. a3 Re2 25. Rfe1 Rxe1+ 26. Rxe1 Ne4 27. Bxg7 Kxg7 28. Nb4 Rc5 29. Rd1 Nd6 30. Rxd5 Rxd5 31. Nxd5 Nc4 32. Kf1 Nxb2 1-0

[Event "Mindsports Open 4th"]
[Site "London"]
[Date "2024.07.19"]
[Round "3.10"]
[White "Hill, Alistair"]
[Black "Banerjee, Supratit"]
[Result "0-1"]
[WhiteElo "2101"]
[BlackElo "2161"]
[PlyCount "88"]
[EventDate "2024.07.18"]
[EventType "swiss"]
[EventRounds "9"]
[EventCountry "ENG"]
[SourceTitle "BritBase"]
[Source "John Saunders"]
[SourceDate "2024.08.27"]
[SourceVersion "1"]
[SourceVersionDate "2024.08.27"]
[SourceQuality "1"]

1. d4 d5 2. c4 e6 3. Nc3 Be7 4. cxd5 exd5 5. Bf4 c6 6. e3 Nf6 7. Bd3 O-O 8. Qc2 Re8 9. Nf3 Nbd7 10. O-O Nf8 11. h3 Ng6 12. Be5 Bd6 13. Bxd6 Qxd6 14. Rfb1 Bd7 15. b4 Rac8 16. a4 Qe7 17. Bf1 Qd6 18. Qb2 Ne4 19. Rc1 Qf6 20. Ne1 Ng5 21. Ne2 Nh4 22. Nf4 Ne4 23. Qe2 g5 24. Nh5 Qg6 25. Nd3 f6 26. Nc5 Nxc5 27. bxc5 Kh8 28. Qd1 g4 29. Nf4 Qg5 30. Kh2 g3+ 31. Kh1 gxf2 32. Rc3 Re7 33. Qd2 Nf5 34. Qxf2 Ng3+ 35. Kg1 Ne4 36. Qb2 Nxc3 37. Qxc3 Rce8 38. Re1 Re4 39. Qb4 Bc8 40. Qa5 R4e7 41. Kf2 Rg8 42. g4 Qh4+ 43. Kf3 f5 44. gxf5 Rg3+ 0-1